00000000nam 2200000zi 4500
0019.939578
003CaOODSP
00520250120143429
006m     o  d f      
007cr |n|||||||||
008240620e198206  onc     ob   f000 0|eng d
040 |aCaOODSP|beng|erda|cCaOODSP
043 |an-cn---
0861 |aCo26-36/1982E-PDF
24500|aLiterature review : |boffice automation systems : models and methodologies / |cCECIT and Hickling Partners Inc.
264 1|a[Ottawa] : |bGovernment of Canada, Department of Communications = Gouvernement du Canada, Ministère des Communications, |cJune 1982.
300 |a1 online resource (18 pages)
336 |atext|btxt|2rdacontent
337 |acomputer|bc|2rdamedia
338 |aonline resource|bcr|2rdacarrier
500 |aDigitized edition from print [produced by Innovation, Science and Economic Development Canada].
500 |aIssued also in French under title: Aperçu de la bibliographie : systèmes bureautiques : modèles et méthodologie.
500 |a"Prepared under DSS contract no: GS.36100-1-0229."
504 |aIncludes bibliographical references.
650 0|aOffice practice|xAutomation|vBibliography.
655 7|aAnnotated bibliographies|2lcgft
7101 |aCanada. |bDepartment of Communications, |eissuing body.
77508|tAperçu de la bibliographie : |w(CaOODSP)9.947144
85640|qPDF|s1.41 MB|uhttps://publications.gc.ca/collections/collection_2025/isde-ised/co26/Co26-36-1982-eng.pdf